|
|
|
|
| LEADER |
01179cam a22003131a 4500 |
| 001 |
000035903 |
| 003 |
12195 |
| 005 |
20160325000000.0 |
| 008 |
160321s2002 enk 000 vie |
| 041 |
|
|
|a vie
|
| 082 |
|
|
|a 959.73
|b VU-H
|2 1975-2002
|
| 100 |
|
|
|a Vũ Dương Huân
|
| 245 |
|
|
|a Ngoại giao Việt Nam hiện đại – Vì sự nghiệp đổi mới (1975-2002)
|c Vũ Dương Huân
|n 1975-2002
|
| 260 |
|
|
|c 2002
|
| 650 |
|
|
|a Ngoại giao Việt Nam hiện đại – Vì sự nghiệp đổi mới (1975-2002), Ngoại giao Việt Nam hiện đại, Vì sự nghiệp đổi mới
|
| 852 |
|
|
|b Chuyên đề
|c Giáo trình
|
| OWN |
|
|
|a LNN
|
| AVA |
|
|
|a UDN50
|b LNN
|d 959.73 VU-H
|e available
|t Error 5001 Not defined in file expand_doc_bib_avail.
|f 1
|g 0
|h N
|i 0
|k 1
|
| 999 |
|
|
|a From the UDN01
|
| AVA |
|
|
|a UDN50
|b LNN
|d 959.73 VU-H
|e available
|t Error 5001 Not defined in file expand_doc_bib_avail.
|f 1
|g 0
|h N
|i 0
|k 1
|
| TYP |
|
|
|a Monograph
|
| TYP |
|
|
|a Printed language
|
| 980 |
|
|
|a Mạng thư viện Đại học Đà Nẵng
|